|
|
|
|
| LEADER |
01269naa a2200301 i 4500 |
| 001 |
acta76237 |
| 005 |
20221108134844.0 |
| 008 |
220712s2021 hu o 1|| eng d |
| 020 |
|
|
|a 978-963-306-790-1
|
| 040 |
|
|
|a SZTE Egyetemi Kiadványok Repozitórium
|b hun
|
| 041 |
|
|
|a eng
|
| 100 |
1 |
|
|a Tóth Brigitta
|
| 245 |
1 |
4 |
|a The impacts of reduced irrigation on Italian durum wheat cultivars' polymeric and monomeric protein distribution
|h [elektronikus dokumentum] /
|c Tóth Brigitta
|
| 260 |
|
|
|a University of Szeged Faculty of Agriculture
|b Hódmezővásárhely
|c 2021
|
| 300 |
|
|
|a 75
|
| 490 |
0 |
|
|a Wellmann International Scientific Conference
|
| 650 |
|
4 |
|a Mezőgazdaság-tudományok
|
| 650 |
|
4 |
|a Mezőgazdaság, erdészet, halászat
|
| 650 |
|
4 |
|a Egyéb mezőgazdaság-tudományok
|
| 695 |
|
|
|a Búzatermesztés - előadáskivonat, Öntözés - mezőgazdasági - előadáskivonat
|
| 700 |
0 |
2 |
|a van Biljon Angeline
|e aut
|
| 700 |
0 |
2 |
|a Ammar Karim
|e aut
|
| 700 |
0 |
2 |
|a Guzmán Carlos
|e aut
|
| 700 |
0 |
2 |
|a Szőke Lóránt
|e aut
|
| 700 |
0 |
2 |
|a Kovács Béla
|e aut
|
| 700 |
0 |
2 |
|a Labuschagne Maryke
|e aut
|
| 710 |
|
|
|a Wellmann International Scientific Conference (18.) (2021)
|
| 856 |
4 |
0 |
|u http://acta.bibl.u-szeged.hu/76237/1/wellmann_abstracts_2021_075.pdf
|z Dokumentum-elérés
|